Антикризисное управление: теория и практика: учебное пособие

Dettagli Bibliografici
Autore principale: Захаров В. Я. Владимир Яковлевич
Altri autori: Блинов А. О. Андрей Олегович, Хавин Д. В. Дмитрий Валерьевич
Riassunto:В междисциплинарном курсе излагается современная концепция управления организацией, раскрывающая сущность и принципы кризисов и возможности их диагностики, методологию антикризисного управления как на стратегическом, так и на тактическом уровнях. Обобщен опыт антикризисного управления в разных странах. Рассматриваются как теоретические основы антикризисного управления, так и практика применения инструментов антикризисного управления: реконструкция, инвестиции, инновации, процедуры банкротства. Подробно анализируется уникальный российский опыт антикризисного управления 90-х годов. Для студентов, обучающихся по специальностям экономики и управ­ления, преподавателей вузов, а также для менеджеров и специалистов различных отраслей национальной экономики.
Lingua:russo
Pubblicazione: Москва, Юнити, 2006
Soggetti:
Natura: MixedMaterials Libro
KOHA link:https://koha.lib.tpu.ru/cgi-bin/koha/opac-detail.pl?biblionumber=105105

MARC

LEADER 00000nam0a2200000 4500
001 105105
005 20231031114311.0
010 |a 5238009763 
035 |a (RuTPU)RU\TPU\book\113362 
090 |a 105105 
100 |a 20061113d2006 m y0rusy50 ca 
101 0 |a rus 
102 |a RU 
105 |a y j 001zy 
200 1 |a Антикризисное управление: теория и практика  |e учебное пособие  |f В. Я. Захаров, А. О. Блинов, Д. В. Хавин 
210 |a Москва  |c Юнити  |d 2006 
215 |a 287 с. 
320 |a Библиогр.: с. 280-284. 
330 |a В междисциплинарном курсе излагается современная концепция управления организацией, раскрывающая сущность и принципы кризисов и возможности их диагностики, методологию антикризисного управления как на стратегическом, так и на тактическом уровнях. Обобщен опыт антикризисного управления в разных странах. Рассматриваются как теоретические основы антикризисного управления, так и практика применения инструментов антикризисного управления: реконструкция, инвестиции, инновации, процедуры банкротства. Подробно анализируется уникальный российский опыт антикризисного управления 90-х годов. Для студентов, обучающихся по специальностям экономики и управ­ления, преподавателей вузов, а также для менеджеров и специалистов различных отраслей национальной экономики. 
610 1 |a экономика 
610 1 |a управление 
610 1 |a кризисы 
610 1 |a государственное регулирование 
610 1 |a организации 
610 1 |a предприятия 
610 1 |a антикризисное управление 
610 1 |a диагностика 
610 1 |a финансовый менеджмент 
610 1 |a маркетинг 
610 1 |a реструктуризация 
610 1 |a риски 
610 1 |a инновации 
610 1 |a персонал 
610 1 |a банкротство 
610 1 |a учебные пособия 
686 |a У9(2)212я73  |v LBC/SL-A  |2 rubbk 
686 |a У9(2)29-2я73  |v LBC/SL-A  |2 rubbk 
700 1 |a Захаров  |b В. Я.  |g Владимир Яковлевич 
701 1 |a Блинов  |b А. О.  |g Андрей Олегович 
701 1 |a Хавин  |b Д. В.  |g Дмитрий Валерьевич 
801 1 |a RU  |b 63413507  |c 20061113  |g PSBO 
801 2 |a RU  |b 63413507  |c 20150827  |g PSBO 
900 |a Антикризисное управление 
942 |c BK 
954 |a 521600  |b 080000 
959 |a 90/20061025  |d 2  |e 124,00  |f АНЛ:1  |f ЧЗГЛ:1